[Event "63rd TCh-BUL GpB 2013"]
[Site "Sunny Beach BUL"]
[Date "2013.09.21"]
[Round "4.1"]
[White "Chakov,P"]
[Black "Vasilev,VasilA"]
[Result "1/2-1/2"]
[WhiteElo "2331"]
[BlackElo "2340"]

1.d4 Nf6 2.Bg5 e6 3.e4 h6 4.Bxf6 Qxf6 5.Nf3 b6 6.Bd3 Bb7 7.Nbd2 c5 8.e5 Qd8
9.c3 Nc6 10.dxc5 bxc5 11.O-O d5 12.exd6 Bxd6 13.Ne4 Be7 14.Qe2 O-O 15.Ba6 Rb8
16.Bxb7 Rxb7 17.Rfd1 Qb8 18.Rd2 Rd8 19.Rxd8+ Qxd8 20.Rd1 Rd7 21.Rxd7 Qxd7
22.h3 Qd5 23.Nfd2 f5 24.Ng3 Bd6 25.c4 Qe5 26.Qxe5 Nxe5 27.Ne2 Nd3 28.b3 Be5
29.Kf1 Kf7 30.Nb1 Ke7  1/2-1/2

[Event "TCh-BEL 2013-14"]
[Site "Belgium BEL"]
[Date "2013.09.22"]
[Round "1.7"]
[White "Meessen,R"]
[Black "Engelaer,M"]
[Result "1-0"]
[WhiteElo "2247"]
[BlackElo "1981"]

1.d4 Nf6 2.Bg5 e6 3.Nd2 h6 4.Bh4 d5 5.e3 Be7 6.Bd3 O-O 7.Ngf3 c5 8.c3 Nc6
9.Ne5 Nd7 10.Bxe7 Qxe7 11.f4 Re8 12.Qh5 cxd4 13.exd4 Ncxe5 14.fxe5 Qg5 15.Qe2 Nf8
16.O-O-O Bd7 17.h4 Qd8 18.g4 Ng6 19.g5 Nf4 20.Qe3 hxg5 21.Bh7+ Kf8 22.hxg5 Ng6
23.Bxg6 fxg6 24.Qf4+ Ke7 25.Qf6+ gxf6 26.gxf6+ Kf8 27.Rh8+  1-0

[Event "63rd TCh-BUL GpB 2013"]
[Site "Sunny Beach BUL"]
[Date "2013.09.22"]
[Round "6.1"]
[White "Chakov,P"]
[Black "Stavrev,N"]
[Result "0-1"]
[WhiteElo "2331"]
[BlackElo "2352"]

1.d4 Nf6 2.Bg5 e6 3.e4 h6 4.Bxf6 Qxf6 5.Nf3 d6 6.Nc3 c6 7.Be2 Nd7 8.O-O e5
9.d5 Be7 10.a4 a5 11.Nd2 Nb6 12.Nc4 Nxc4 13.Bxc4 Bd8 14.Ra3 O-O 15.Rb3 Qe7
16.Qd2 Bc7 17.Ne2 Rb8 18.Rg3 Kh8 19.f4 f5 20.fxe5 dxe5 21.Rg6 f4 22.dxc6 Qc5+  0-1

[Event "Baku Open 2013"]
[Site "Baku AZE"]
[Date "2013.09.23"]
[Round "5.29"]
[White "Mirzoev,A"]
[Black "Umudova,N"]
[Result "1-0"]
[WhiteElo "2544"]
[BlackElo "2256"]

1.d4 Nf6 2.Bg5 e6 3.e4 h6 4.Bxf6 Qxf6 5.c3 c5 6.Nf3 cxd4 7.cxd4 d5 8.e5 Qd8
9.Nc3 Nc6 10.Bd3 Bd7 11.O-O Qb6 12.Na4 Qa5 13.Bc2 b5 14.Nc3 Qb6 15.Ne2 a5
16.Nf4 a4 17.a3 Na5 18.Qe2 Nc4 19.Bd3 Be7 20.Nh5 Kf8 21.Rac1 Qd8 22.Rc3 g6
23.Nf4 Kg7 24.g3 Qb6 25.Rd1 Rac8 26.h4 Na5 27.Rxc8 Rxc8 28.Ne1 b4 29.Qg4 Be8
30.Nxd5 Qb7 31.Nxe7 Qxe7 32.d5 bxa3 33.d6 Qb7 34.bxa3 Bd7 35.Qf4 Nc6 36.h5 Qb3
37.hxg6  1-0

[Event "Pankrac Cup 2013"]
[Site "Prague CZE"]
[Date "2013.09.24"]
[Round "3"]
[White "Vavra,P1"]
[Black "Kovar,V"]
[Result "0-1"]
[WhiteElo "2350"]
[BlackElo "2312"]

1.d4 Nf6 2.Bg5 e6 3.e4 h6 4.Bxf6 Qxf6 5.c3 d6 6.Bd3 Nd7 7.Ne2 b6 8.O-O Bb7
9.f4 Qe7 10.Nd2 g6 11.f5 gxf5 12.exf5 Rg8 13.Be4 d5 14.Bd3 e5 15.f6 Nxf6
16.Qa4+ Nd7 17.dxe5 Qg5 18.Ng3 Qe3+ 19.Kh1 Qxd3 20.Rxf7 O-O-O 21.Nf3 Nc5
22.Qf4 Ne4 23.Qf5+ Kb8 24.Nxe4 dxe4 25.Ne1 Qe2 26.Qf6 Bc5 27.h3 Qxb2  0-1

[Event "St Petersburg Rapid Cup 2013"]
[Site "St Petersburg RUS"]
[Date "2013.09.28"]
[Round "2.3"]
[White "Rusanov,M"]
[Black "Makarov,M"]
[Result "1/2-1/2"]
[WhiteElo "2440"]
[BlackElo "2512"]

1.d4 Nf6 2.Bg5 e6 3.e4 h6 4.Bxf6 Qxf6 5.Nc3 d6 6.Qd2 c6 7.f4 e5 8.dxe5 dxe5
9.f5 Qd6 10.Qxd6 Bxd6 11.O-O-O Bc7 12.Nf3 b5 13.g4 Nd7 14.Bd3 a6 15.h4 Nc5
16.g5 Bb7 17.Ne2 a5 18.Ng3 g6 19.fxg6 fxg6 20.h5 hxg5 21.hxg6 O-O-O 22.Nf5 Ne6
23.Rxh8 Rxh8 24.g7 Re8 25.g8=Q Rxg8 26.Ne7+ Kb8 27.Nxg8 g4 28.Nh4 Bb6 29.Ng2 Nf4
30.Bf1 g3 31.Nf6 Bf2 32.Nd7+ Kc7 33.Nxe5 c5 34.Nd3 Nxd3+ 35.Bxd3 c4 36.Bf1 Bxe4
37.b3 cxb3 38.axb3 Kb6 39.Rd8 Bc6 40.Rd6 Kc7 41.Rxc6+ Kxc6 42.c4 bxc4 43.bxc4 Bc5
44.Kc2 a4 45.Kb2 Kd6 46.Nf4 a3+ 47.Kb3 Ke7 48.Nd3 Kd6 49.Nxc5 Kxc5 50.Bg2 Kd4
51.Bh1 Kc5 52.Bg2 Kd4 53.Bh1 Kc5  1/2-1/2

[Event "St Petersburg Rapid Cup 2013"]
[Site "St Petersburg RUS"]
[Date "2013.09.28"]
[Round "2.1"]
[White "Rusanov,M"]
[Black "Makarov,M"]
[Result "1-0"]
[WhiteElo "2440"]
[BlackElo "2512"]

1.d4 Nf6 2.Bg5 e6 3.e4 h6 4.Bxf6 Qxf6 5.Nc3 d6 6.Qd2 c6 7.f4 e5 8.dxe5 dxe5
9.f5 Qd6 10.Qxd6 Bxd6 11.O-O-O Bb4 12.Nf3 Nd7 13.Bc4 b5 14.Bb3 a6 15.g4 Bc5
16.Kb1 Bb6 17.Rd6 b4 18.Na4 Bc7 19.Rxc6 Ra7 20.Rd1 O-O 21.g5 Nb8 22.Rc4 hxg5
23.Nxg5 a5 24.Nxf7 Rxf7 25.Rxc7 Rxc7 26.Rd8+ Kh7 27.Bxf7 Nc6 28.Rf8 Ne7 29.Nb6 Bb7
30.Nd5 Bxd5 31.Bxd5 Nxd5 32.exd5 Rd7 33.c4 bxc3 34.bxc3 Rxd5 35.Kc2 e4 36.f6 e3
37.fxg7 Kxg7 38.Re8 Rd2+ 39.Kb3 e2 40.c4 Kf7 41.Re4 Kf6 42.c5 Rd5 43.Rxe2 Rxc5
44.h4 Rh5 45.Re4 Kf5 46.Rc4 Ke6 47.Rg4 Kd6 48.a4 Kc6 49.Kc4 Rh6 50.Kd4 Rh5
51.Ke4 Rh8 52.Kf5 Kd5 53.Kf6 Kd6 54.Rd4+ Kc5 55.Kg7 Rh5 56.Rf4 Kd6 57.Kg6 Re5
58.h5 Re1 59.Rf5 Ke6 60.Rxa5 Rg1+ 61.Rg5 Rf1 62.a5 Ke7 63.h6 Rf6+ 64.Kh5 Rf2
65.a6 Kf6 66.Ra5  1-0

[Event "St Petersburg Rapid Cup 2013"]
[Site "St Petersburg RUS"]
[Date "2013.09.28"]
[Round "2.1"]
[White "Eliseev,Alexe"]
[Black "Anisimov,P2"]
[Result "1-0"]
[WhiteElo "2379"]
[BlackElo "2538"]

1.d4 Nf6 2.Bg5 e6 3.Nd2 c5 4.e3 b6 5.Bd3 Bb7 6.Ngf3 Be7 7.O-O h6 8.Bh4 O-O
9.c3 Nc6 10.Re1 d6 11.Qe2 Rc8 12.Rad1 Nh5 13.Bg3 Nxg3 14.hxg3 Bf6 15.a3 g6
16.Ne4 cxd4 17.cxd4 Bg7 18.Nc3 Nb8 19.e4 a6 20.e5 b5 21.d5 Re8 22.dxe6 Rxe6
23.Be4 Bxe5 24.Nxe5 Rxe5 25.Qd2 Rxc3 26.Bxb7 Rxe1+ 27.Rxe1 Rc7 28.Bd5 Kg7
29.Qd4+ Qf6 30.Qb6 Rc2 31.f4 Nd7 32.Qa7 Rd2 33.Bc6 Nc5 34.Re7 Qf5 35.Bf3 Rxb2
36.Qb8 Qf6 37.Re8 Rb1+ 38.Kh2 Qa1 39.g4 Ne6 40.Rxe6 fxe6 41.Qc7+ Kh8 42.Qd8+ Kh7
43.Qe7+ Qg7 44.Qxe6 Rf1 45.Qxd6 Qf7 46.Kg3 a5 47.Be4 Re1 48.Qe5 Re3+ 49.Kh2 Rxe4
50.Qxe4 Qc7 51.g3 Qd7 52.f5 gxf5 53.gxf5 Kg7 54.Qg4+ Kf8 55.Qg6 Qd2+ 56.Kh3 Qg5
57.Qe6 Kg7 58.Qd7+ Kf6 59.Qe6+ Kg7 60.Qe5+ Kf7 61.Qxb5 Kf6 62.Qb6+ Kf7 63.Qe6+ Kg7
64.Qd7+ Kf6 65.Qd8+ Ke5 66.Qxg5 hxg5 67.Kg4 Kd5  1-0

[Event "Grand Open Blagoevgrad 2013"]
[Site "Blagoevgrad BUL"]
[Date "2013.09.29"]
[Round "2.6"]
[White "Atanasov,R"]
[Black "Drenchev,P"]
[Result "0-1"]
[WhiteElo "2141"]
[BlackElo "2488"]

1.d4 Nf6 2.Bg5 e6 3.Nf3 c5 4.e3 Qb6 5.Qc1 Nc6 6.c3 d5 7.Nbd2 Bd7 8.Bd3 h6
9.Bh4 cxd4 10.exd4 Nh5 11.O-O Nf4 12.Qc2 Rc8 13.a3 Bd6 14.Rfc1 g5 15.Bg3 g4
16.Ne1 h5 17.Nb3 h4 18.Bxf4 Bxf4 19.Rd1 Bd6 20.Bf1 Ne7 21.Nc5 Bxc5 22.dxc5 Qxc5
23.Nd3 Qd6 24.Qe2 g3 25.f4 gxh2+ 26.Kxh2 Ng6 27.Qe3 Rc4 28.Kh1 h3 29.g3 d4
30.cxd4 Bc6+ 31.Kh2 Rc2+ 32.Rd2 Qd5 33.Nf2 Rxd2 34.Qxd2 Ne7 35.Re1 Nf5 36.Ne4 Rh6
37.g4 Nxd4 38.Kg3 Qd8 39.g5 h2 40.Bg2 Bxe4  0-1

[Event "12th Forchheim Open A 2013"]
[Site "Forchheim GER"]
[Date "2013.09.29"]
[Round "5.7"]
[White "Wenninger,P"]
[Black "Bachstein,D"]
[Result "1-0"]
[WhiteElo "2231"]
[BlackElo "2082"]

1.d4 Nf6 2.Bg5 e6 3.e4 h6 4.Bxf6 Qxf6 5.Nc3 Bb4 6.a3 Ba5 7.b4 Bb6 8.e5 Qe7
9.Ne4 d5 10.Ng3 g6 11.c3 Bd7 12.Bd3 Nc6 13.Nf3 Qf8 14.h4 a5 15.Rb1 Ne7 16.h5 g5
17.Nh2 f5 18.exf6 Qxf6 19.Ng4 Qf4 20.Ne5 O-O-O 21.O-O Qf6 22.Nxd7 Rxd7 23.Qa4 c6
24.bxa5 Ba7 25.Rfe1 Rf8 26.Re2 e5 27.a6 b5 28.Qb3 exd4 29.cxd4 Qxd4 30.Nh1 Rf4
31.Qc2 Kd8 32.Rbe1 Rf6 33.Rd1 Qc5 34.Qb2 Qd6 35.Rb1 Bb8 36.g3 Ba7 37.a4 b4
38.Qd2 c5 39.Bb5 Nc6 40.Ree1 Kc7 41.Bxc6 Qxc6 42.Re8 Rfd6 43.g4 d4 44.Ng3 Qf3
45.Rc1 Rc6 46.a5 d3 47.Rc4 b3 48.Nf5 Qd5 49.Ne7 Qxc4 50.Rc8+ Kd6 51.Nf5+ Ke6
52.Rxc6+  1-0

[Event "ch-GER Rapid 2013"]
[Site "Gladenbach GER"]
[Date "2013.09.29"]
[Round "6.4"]
[White "Vatter,H"]
[Black "Margolin,B"]
[Result "1/2-1/2"]
[WhiteElo "2288"]
[BlackElo "2419"]

1.d4 Nf6 2.Bg5 e6 3.Nd2 c5 4.c3 h6 5.Bxf6 gxf6 6.e3 d5 7.Ne2 Nc6 8.g3 cxd4
9.cxd4 Bd7 10.Bg2 f5 11.O-O Qb6 12.Rb1 Rc8 13.a3 Na5 14.b4 Nc4 15.Nxc4 Rxc4
16.Nf4 Qa6 17.Ra1 Bd6 18.Qd2 Bxf4 19.gxf4 Ke7 20.Rfb1 Qa4 21.Bf3 Rc2 22.Qe1 Rg8+
23.Kh1 Bb5 24.Rc1 Rgc8 25.Rxc2 Qxc2 26.Bd1 Qb2 27.Bh5 Rc2 28.Kg2 Bd3 29.Kg3 Be2
30.Rb1 Qa2 31.Ra1 Qc4 32.Bxe2 Rxe2 33.Qf1 Rc2 34.Qh3 Qe2 35.Qh4+ Ke8 36.Kg2 Qg4+
37.Qxg4 fxg4 38.Kg3 f5 39.h3 gxh3 40.Rh1 Ra2 41.Rxh3 Rxa3 42.Rxh6 Kd7 43.Rh7+ Kc6
44.Re7 Kd6 45.Rxb7 Kc6 46.Re7 Kd6 47.Rb7 Kc6  1/2-1/2

[Event "Pankrac Cup 2013"]
[Site "Prague CZE"]
[Date "2013.10.08"]
[Round "5"]
[White "Vavra,P1"]
[Black "Vokoun,J"]
[Result "1/2-1/2"]
[WhiteElo "2350"]
[BlackElo "2158"]

1.d4 Nf6 2.Bg5 e6 3.Nd2 c5 4.e3 cxd4 5.exd4 Be7 6.c3 Nc6 7.Bd3 d6 8.Ngf3 e5
9.O-O exd4 10.Nxd4 Nxd4 11.cxd4 O-O 12.Qf3 Nd5 13.Qe4 g6 14.Bh6 Nf6 15.Qf3 Re8
16.Rfe1 Ng4 17.Bf4 d5 18.h3 Nf6 19.Bg5 Be6 20.Rac1 Nh5 21.Bxe7 Qxe7 22.Nb3 b6
23.Bb5 Red8 24.Bc6 Rac8 25.Rc3 Qd6 26.Rec1 Kg7 27.a3 Nf6 28.Nd2 Bf5 29.Qe2 Rc7
30.f3 Re7 31.Qf2 h5 32.Nf1 Bd7 33.Qh4 Rde8 34.Qg5 Re1 35.Bxd7 Qxd7 36.Rc6 R8e6
37.Rxe1 Qxc6 38.Ne3 Kh7 39.Re2 Ne8 40.Rc2 Qa4 41.Rd2 Qb3 42.Kf2 Nc7 43.g4 hxg4
44.hxg4 f6 45.Qf4 Ne8 46.Nf5 Kg8 47.Nh6+ Kg7 48.g5 Nd6 49.Ng4 fxg5 50.Qxg5 Nf5
51.Ne5 Nxd4 52.Qf4 Nf5 53.Kg2 d4 54.Kh3 Qb5 55.Nd3 Qe8 56.Nf2 Rf6 57.Rxd4 Nxd4
58.Qxd4 Kf7 59.Ne4 Qe6+ 60.Kg3 Rf5  1/2-1/2

[Event "Chigorin Memorial"]
[Site "St Petersburg RUS"]
[Date "2013.10.11"]
[Round "7.74"]
[White "Gorlanov,V"]
[Black "Kostrikina,A"]
[Result "1/2-1/2"]
[WhiteElo "2249"]
[BlackElo "2140"]

1.d4 Nf6 2.Bg5 e6 3.e4 Be7 4.Bd3 c5 5.c3 cxd4 6.cxd4 Qb6 7.Nc3 Qxd4 8.Be3 Qb4
9.a3 Qa5 10.b4 Qd8 11.e5 Nd5 12.Nxd5 exd5 13.Bb5 a5 14.Qxd5 O-O 15.Rd1 axb4
16.a4 Na6 17.Nf3 Nc7 18.Qd3 Nxb5 19.axb5 Ra3 20.Qd5 b6 21.O-O Qc7 22.Rd4 Bb7
23.Qxd7 Qxd7 24.Rxd7 Bxf3 25.gxf3 Bc5 26.Bxc5 bxc5 27.Rc7 Ra5 28.b6 Rb5 29.b7 b3
30.Rb1 c4 31.Kf1 Rxe5 32.Rxc4 Rb5 33.Rc3 Rxb7 34.Rcxb3 Rxb3 35.Rxb3 g6 36.Kg2 Kg7
37.Rb6 Ra8 38.Kg3 Ra4 39.Rc6 Rb4 40.Ra6 h5 41.h4 Rb5 42.Rc6 Rf5 43.Rb6  1/2-1/2

[Event "Chigorin Memorial"]
[Site "St Petersburg RUS"]
[Date "2013.10.11"]
[Round "7.24"]
[White "Ovod,E"]
[Black "Levin,Ev"]
[Result "1-0"]
[WhiteElo "2373"]
[BlackElo "2512"]

1.d4 Nf6 2.Bg5 e6 3.e4 h6 4.Bxf6 Qxf6 5.Nc3 d6 6.Qd2 g5 7.Bd3 Bg7 8.Nge2 a6
9.f4 gxf4 10.O-O Nc6 11.Rxf4 Qg5 12.h4 Qe7 13.Raf1 Rf8 14.Nd5 exd5 15.exd5 Nxd4
16.Nxd4 Be5 17.Nf3 Bd7 18.Nxe5 dxe5 19.Rxf7 Rxf7 20.Bg6 O-O-O 21.Rxf7 Qxh4
22.Rh7 Qg3 23.Qxh6 b6 24.Rxd7 Rg8 25.Qh7 Qe3+ 26.Kh1 Qc1+ 27.Kh2 Qf4+ 28.Kh3  1-0

[Event "TCh-ISL Div1 2013-14"]
[Site "Reykjavik ISL"]
[Date "2013.10.12"]
[Round "3.1"]
[White "Bromann,T"]
[Black "Kjartansson,G"]
[Result "1-0"]
[WhiteElo "2356"]
[BlackElo "2447"]

1.d4 Nf6 2.Bg5 e6 3.e4 h6 4.Bxf6 Qxf6 5.c3 b6 6.Bd3 Bb7 7.Ne2 g6 8.O-O Bg7
9.Nd2 d6 10.f4 Qe7 11.e5 Nd7 12.Be4 Bxe4 13.Nxe4 d5 14.Nd2 O-O 15.Nf3 c5
16.Qd3 Rfc8 17.g4 cxd4 18.cxd4 Qb4 19.b3 Qa3 20.f5 Qb2 21.fxe6 fxe6 22.Qxg6 Qxe2
23.Rae1 Nf8 24.Qxg7+ Kxg7 25.Rxe2 Ng6 26.Ne1 Rc3 27.Ref2 Rf8 28.Rxf8 Nxf8
29.Rf3 Rc1 30.Kf2 Ra1 31.a4 Ra2+ 32.Kg3 Re2 33.Ng2 Rd2 34.Rc3 Ng6 35.Ne1 Rxd4
36.Nf3 Re4 37.Rc7+ Kg8 38.Rxa7 Nxe5 39.Nxe5 Rxe5 40.b4 Re4 41.b5 Rb4 42.Re7 h5
43.gxh5 Rxa4 44.Rxe6 Rb4 45.Rxb6 d4 46.Kf3 d3 47.Ke3 Rb3 48.Rb7 Kh8 49.h6 Kg8
50.Kd2 Kh8 51.h3 Kg8 52.h4 Kh8 53.b6 Kg8 54.Rg7+ Kh8 55.b7 Rb2+ 56.Kc1 Rb6
57.Rc7 Kg8 58.Rc8+ Kh7 59.b8=Q d2+ 60.Kd1  1-0

[Event "TCh-ISL Div1 2013-14"]
[Site "Reykjavik ISL"]
[Date "2013.10.13"]
[Round "5.3"]
[White "Thorfinnsson,Bj"]
[Black "Johannesson,I"]
[Result "1/2-1/2"]
[WhiteElo "2385"]
[BlackElo "2371"]

1.d4 Nf6 2.Bg5 e6 3.e3 c5 4.c3 cxd4 5.exd4 Be7 6.Bd3 b6 7.Qf3 Nc6 8.Ne2 Bb7
9.Qh3 Qc7 10.Nd2 h6 11.Bf4 d6 12.Ne4 Nxe4 13.Bxe4 g5 14.Bd2 h5 15.d5 Ne5
16.Nd4 O-O-O 17.Qe3 exd5 18.Bf5+ Kb8 19.b3 Rde8 20.O-O g4 21.Qe2 Rhg8 22.Bf4 Bg5
23.Qd2 Qd8 24.a4 Bxf4 25.Qxf4 Qg5 26.Qxg5 Rxg5 27.a5 bxa5 28.Rxa5 Re7 29.h4 gxh3
30.Bxh3 Nc6 31.Ra4 Nxd4 32.Rxd4 Re4 33.Rfd1 Kc7 34.f3 Re3 35.R1d3 Rxd3 36.Rxd3 d4
37.cxd4 Rb5 38.Re3 Bd5 39.Re7+ Kb6 40.Rd7 Kc6 41.Rxa7 Rxb3 42.Ra5 Rd3 43.Bd7+ Kxd7
44.Rxd5 h4 45.Rf5 Rxd4 46.Rxf7+ Ke6 47.Rh7 Kf5 48.Kf2 Rd2+ 49.Kf1 Kg5 50.Rg7+ Kh5
51.Ke1 Rb2 52.Kf1 Rd2 53.Kg1 d5 54.Rg4 d4 55.Rg8 d3 56.Kf1 Re2 57.Rd8 Rd2
58.Rd5+ Kg6 59.Kg1 Kh6 60.Kh2 Rd1 61.Kh3 d2 62.Kg4 h3 63.Kg3 hxg2 64.Kxg2 Kg6
65.Kf2 Rh1 66.Rxd2 Rh2+ 67.Ke3 Rxd2 68.Kxd2  1/2-1/2

[Event "Chigorin Memorial"]
[Site "St Petersburg RUS"]
[Date "2013.10.13"]
[Round "9.24"]
[White "Ovod,E"]
[Black "Gabrielian,A"]
[Result "0-1"]
[WhiteElo "2373"]
[BlackElo "2541"]

1.d4 Nf6 2.Bg5 e6 3.e4 h6 4.Bxf6 Qxf6 5.Nc3 Bb4 6.Ne2 d6 7.Qd3 O-O 8.f4 e5
9.O-O-O Bxc3 10.Qxc3 exf4 11.Qf3 Nc6 12.c3 Be6 13.Kb1 d5 14.Qxf4 Qxf4 15.Nxf4 Bg4
16.Re1 dxe4 17.Nd5 Rad8 18.Nxc7 a6 19.Bc4 Ne7 20.Rhf1 Rd7 21.Nxa6 bxa6 22.Bxa6 Be6
23.Bb5 Rd6 24.b4 Nd5 25.Kb2 Nxc3 26.Kxc3 Rc8+ 27.Kd2 Rxd4+ 28.Ke3 Rxb4 29.a4 Rc3+
30.Kf4 e3+ 31.Ke5 Kf8 32.Rb1 e2 33.Rxb4 Rc5+ 34.Kd6 Rd5+ 35.Kc6 Rxb5 36.Rbb1 exf1=Q
37.Rxf1 Ra5 38.Rf4 Bb3 39.Rb4 Bxa4+ 40.Kb6 Rg5 41.Rxa4 Rxg2 42.h4 h5 43.Kc6 Rg4
44.Ra8+ Ke7 45.Kd5 Kf6 46.Ra6+ Kf5 47.Ra7 Kg6 48.Ra6+ f6 49.Ke6 Re4+ 50.Kd6 Rxh4
51.Ke7 Rg4 52.Kf8 h4 53.Kg8 Rb4 54.Ra8 h3  0-1

[Event "Chigorin Memorial"]
[Site "St Petersburg RUS"]
[Date "2013.10.13"]
[Round "9.67"]
[White "Gogin,Maksim"]
[Black "Solovyov,V"]
[Result "0-1"]
[WhiteElo "2075"]
[BlackElo "2298"]

1.d4 Nf6 2.Bg5 e6 3.e4 h6 4.Bxf6 Qxf6 5.Nc3 a6 6.Qd2 b5 7.e5 Qd8 8.Bd3 Bb7
9.f4 Bb4 10.Qf2 d6 11.Ne2 c5 12.dxc5 Bxc5 13.Qg3 g6 14.O-O-O d5 15.a3 Nc6
16.h4 Qe7 17.h5 g5 18.f5 O-O-O 19.fxe6 fxe6 20.Rhf1 Rdf8 21.Ng1 Qg7 22.Nf3 g4
23.Rfe1 Rhg8 24.Nh2 Bf2  0-1

[Event "TCh-FIN SM 2013-14"]
[Site "Tampere FIN"]
[Date "2013.10.13"]
[Round "4.3"]
[White "Pohjala,H"]
[Black "Mertanen,J"]
[Result "1/2-1/2"]
[WhiteElo "2346"]
[BlackElo "2358"]

1.d4 Nf6 2.Bg5 e6 3.Nf3 h6 4.Bh4 d6 5.e3 g5 6.Bg3 Nh5 7.Nfd2 Nxg3 8.hxg3 Bg7
9.c3 a6 10.a4 Qe7 11.e4 b6 12.Nc4 Bb7 13.Nbd2 Nd7 14.Ne3 O-O 15.Be2 c5 16.d5 exd5
17.exd5 f5 18.Qc2 Rae8 19.O-O-O Qf6 20.Bd3 Rxe3 21.fxe3 Ne5 22.Rhf1 Bc8 23.Bxf5 Bxf5
24.e4 Qd8 25.exf5 b5 26.f6 Rxf6 27.Rxf6 Qxf6 28.Rf1 Qd8 29.Qf5 bxa4 30.Qe6+ Kh8
31.Ne4 a3 32.Nxd6 Qa5 33.Rf8+ Bxf8 34.Qxe5+ Bg7 35.Qe8+ Kh7 36.Qe4+ Kg8 37.Qe8+ Kh7
38.Qe4+ Kg8 39.bxa3 Qxa3+ 40.Kd1 Qa1+ 41.Ke2 Qxc3 42.Nc4 Qf6 43.d6 Qf7 44.Ne3 Bd4
45.Nd5 Kf8 46.Nc7 Qf2+ 47.Kd3 Qf1+ 48.Kd2 Qf2+ 49.Kd1 Qf1+ 50.Kd2 Qf2+ 51.Kd1  1/2-1/2

[Event "17th Unive Open 2013"]
[Site "Hoogeveen NED"]
[Date "2013.10.18"]
[Round "1.12"]
[White "Sadallah,O"]
[Black "Goudriaan,E"]
[Result "0-1"]
[WhiteElo "2114"]
[BlackElo "2410"]

1.d4 Nf6 2.Bg5 e6 3.Nf3 d5 4.e3 Nbd7 5.Bd3 Be7 6.O-O O-O 7.Nbd2 h6 8.Bh4 b6
9.Ne5 Nxe5 10.dxe5 Nd7 11.Bg3 Nc5 12.Bb5 a6 13.Bc6 Rb8 14.b4 Bd7 15.Bxd7 Nxd7
16.Rb1 b5 17.Nf3 c5 18.c3 Nb6 19.bxc5 Na4 20.Rc1 Rc8 21.Nd4 Rxc5 22.f4 Nxc3
23.Qg4 Rc4 24.h3 Qd7 25.Kh2 Rfc8 26.Rce1 Nxa2 27.Qh5 Bc5 28.f5 exf5 29.Nxf5 Nc3
30.e4 Bf8 31.Rf4 Rxe4 32.Rexe4 Nxe4 33.Rg4 Nxg3 34.Rxg3 Kh8 35.Ne3 Qe6 36.Ng4 Rc4
37.Rf3 g6 38.Qh4 Qxe5+ 39.Nxe5 Rxh4 40.Nxf7+ Kg7 41.g4 h5 42.g5 Re4 43.Nd8 Be7
44.Nc6 Bxg5 45.Rd3 Re2+ 46.Kg1 Rd2 47.Ra3 d4 48.Rxa6 Be3+ 49.Kh1 d3 50.Ne5 Rd1+
51.Kg2 Rg1+ 52.Kf3 d2  0-1

[Event "29th ECC Open 2013"]
[Site "Rhodes GRE"]
[Date "2013.10.20"]
[Round "1.6"]
[White "Sykes,C"]
[Black "Scherer,M"]
[Result "0-1"]
[WhiteElo "1925"]
[BlackElo "2303"]

1.d4 Nf6 2.Bg5 e6 3.e4 h6 4.Bxf6 Qxf6 5.Nc3 Bb4 6.e5 Qe7 7.a3 Bxc3+ 8.bxc3 b6
9.f4 Bb7 10.Nf3 g5 11.Qd2 Rg8 12.fxg5 hxg5 13.h3 c5 14.Bd3 Nc6 15.Qe2 O-O-O
16.Ba6 g4 17.Bxb7+ Kxb7 18.hxg4 Rxg4 19.Qf2 Rdg8 20.Rg1 f6 21.Rd1 cxd4 22.exf6 Qxa3
23.Rd3 Qc1+  0-1

[Event "TCh-Belgrade Premier liga 2013"]
[Site "Belgrade SRB"]
[Date "2013.10.21"]
[Round "10.5"]
[White "Miladinovic,I"]
[Black "Ruzic,Sr"]
[Result "1-0"]
[WhiteElo "2576"]
[BlackElo "2026"]

1.d4 Nf6 2.Bg5 e6 3.e3 Be7 4.Bd3 h6 5.Bxf6 Bxf6 6.Nd2 c5 7.c3 b6 8.Qe2 Bb7
9.Ngf3 d6 10.h4 cxd4 11.exd4 Nd7 12.g4 a6 13.O-O-O Be7 14.Kb1 b5 15.g5 Nf8
16.Be4 Qc7 17.d5 e5 18.c4 Bc8 19.Nxe5 Bd7 20.Qf3 f6 21.Qh5+  1-0

[Event "29th ECC Open 2013"]
[Site "Rhodes GRE"]
[Date "2013.10.21"]
[Round "2.4"]
[White "Tzermiadianos,An"]
[Black "Teterev,V"]
[Result "1/2-1/2"]
[WhiteElo "2436"]
[BlackElo "2506"]

1.d4 Nf6 2.Bg5 e6 3.e4 h6 4.Bxf6 Qxf6 5.c3 d6 6.Bd3 e5 7.Ne2 g6 8.O-O Bg7
9.f4 Qe7 10.f5 Nd7 11.Nd2 O-O 12.fxg6 fxg6 13.Rxf8+ Nxf8 14.Qb3+ Kh7 15.Rf1 Qg5
16.Nc4 a6 17.a4 Ne6 18.Rf3 b5 19.Ne3 exd4 20.cxd4 c5 21.Bb1 cxd4 22.Nf5 Nc5
23.Qd5 Bb7 24.Qxd6 gxf5 25.Qxc5 Bxe4 26.Rg3 Qf6 27.Nf4 d3 28.Bxd3 Qd4+ 29.Qxd4 Bxd4+
30.Kf1 Be5 31.Re3 Rf8 32.g3 Bxf4 33.gxf4 Bxd3+ 34.Rxd3 bxa4 35.Ra3 Rb8 36.Rxa4 Rxb2
37.Rxa6 Rb4 38.Kg2 Rxf4 39.h3 Kg7 40.Kg3 Re4 41.Kf3 h5 42.Rb6 Kf7 43.Rh6 h4
44.Ra6 Ke7 45.Rb6 Rd4 46.Ra6 Rd6 47.Ra4 Kf6 48.Kf4 Kg6 49.Rb4 Rd3 50.Rb6+ Kh5
51.Kxf5 Rxh3 52.Kf4 Rc3 53.Rb5+ Kg6 54.Rb6+ Kf7 55.Rh6 Kg7 56.Rxh4 Rc4+ 57.Kg3 Rxh4
58.Kxh4  1/2-1/2

[Event "Guernsey Open 2013"]
[Site "Guernsey GCI"]
[Date "2013.10.22"]
[Round "3"]
[White "Wager,John D"]
[Black "Downey,K GCI"]
[Result "1/2-1/2"]
[WhiteElo "2105"]
[BlackElo "1950"]

1.d4 Nf6 2.Bg5 e6 3.e4 h6 4.Bh4 d6 5.f3 Be7 6.Bd3 Nbd7 7.c4 c5 8.Bf2 O-O
9.d5 exd5 10.cxd5 a6 11.Nd2 b5 12.Ne2 Ne5 13.Bc2 Ng6 14.O-O Nh5 15.a4 b4
16.Nc4 a5 17.b3 Bf6 18.Ra2 Ba6 19.Bd3 Bxc4 20.Bxc4 Ne5 21.Rc2 Bg5 22.Kh1 Kh8
23.Ng1 g6 24.g3 Bf6 25.f4 Nxc4 26.Rxc4 Re8 27.Qf3 Qd7 28.g4 Ng7 29.h4 h5
30.g5 Be7 31.Be3 Bf8 32.Bc1 Qg4 33.Qxg4 hxg4 34.Bb2 Kg8 35.Kg2 Nh5 36.Ne2 Ra7
37.Ng3 Bg7 38.Bxg7 Kxg7 39.f5 Re5 40.fxg6 fxg6 41.Nxh5+ gxh5 42.Rf6 Rae7
43.Rxd6 Rxe4 44.Rxe4 Rxe4 45.Rc6 Re2+ 46.Kf1 Rb2 47.Rxc5 Rxb3 48.Rxa5 Rb1+
49.Kg2 Rb2+ 50.Kg1 Rb1+  1/2-1/2

[Event "29th ECC Open 2013"]
[Site "Rhodes GRE"]
[Date "2013.10.22"]
[Round "3.11"]
[White "Vanstreels,L"]
[Black "Sykes,C"]
[Result "0-1"]
[WhiteElo "2068"]
[BlackElo "1925"]

1.d4 Nf6 2.Bg5 e6 3.e3 d5 4.Bd3 c5 5.c3 cxd4 6.exd4 Nc6 7.Nf3 Bd6 8.O-O h6
9.Bh4 Bd7 10.Re1 g5 11.Bg3 Bxg3 12.fxg3 Qb6 13.Qe2 O-O-O 14.a4 a6 15.a5 Qa7
16.Nbd2 Rhe8 17.Kh1 e5 18.dxe5 Ng4 19.h3 Ngxe5 20.Qf1 Qb8 21.Nd4 Nxd3 22.Qxd3 Ne5
23.Qf1 Qd6 24.N2f3 Nc4 25.b3 Rxe1 26.Rxe1 Nxa5 27.Ne5 Re8 28.Nxf7 Qxg3 29.Rxe8+ Bxe8
30.Qf5+ Bd7 31.Qh7 Qe1+ 32.Kh2 Qe7 33.Qg8+ Be8 34.Nd6+ Qxd6+ 35.g3 Qd7 36.Ne6 Qf7
37.Qxf7 Bxf7 38.Nd4 Kd7 39.Nf5 Nxb3 40.Nxh6 Be6 41.h4 gxh4 42.gxh4 a5  0-1

[Event "Guernsey Open 2013"]
[Site "Guernsey GCI"]
[Date "2013.10.23"]
[Round "4"]
[White "Taylor,Mark"]
[Black "Norman,K"]
[Result "1/2-1/2"]
[WhiteElo "2087"]
[BlackElo "2185"]

1.d4 Nf6 2.Bg5 e6 3.Nd2 d5 4.e3 Be7 5.Bd3 Nbd7 6.Ngf3 c5 7.c3 b6 8.O-O Bb7
9.Ne5 Nxe5 10.dxe5 Nd7 11.Bxe7 Qxe7 12.f4 O-O 13.Qh5 g6 14.Qh6 f6 15.Nf3 a6
16.Qh4 Rf7 17.exf6 Rxf6 18.Ng5 c4 19.Bc2 Raf8 20.Rae1 e5 21.fxe5 Rxf1+ 22.Rxf1 Rxf1+
23.Kxf1 Nxe5 24.Qf4 Kg7 25.Nf3 Nxf3 26.gxf3 b5 27.a3 Bc6 28.h4 Qe6 29.Kf2 Bd7
30.h5 gxh5 31.Qg5+ Kf8 32.Qxh5 h6 33.Qh4 Kf7 34.Qh5+  1/2-1/2

[Event "29th ECC Open 2013"]
[Site "Rhodes GRE"]
[Date "2013.10.24"]
[Round "5.23"]
[White "Wegerle,J"]
[Black "Grant,J"]
[Result "1-0"]
[WhiteElo "2438"]
[BlackElo "2236"]

1.d4 Nf6 2.Bg5 e6 3.e4 h6 4.Bxf6 Qxf6 5.c3 d6 6.Bd3 Nd7 7.Ne2 Qd8 8.O-O Be7
9.Nd2 c5 10.f4 a6 11.Kh1 b5 12.a4 c4 13.Bc2 Bb7 14.Ng3 Qb6 15.Qe2 h5 16.axb5 axb5
17.Rxa8+ Bxa8 18.Ra1 Bb7 19.Nxh5 g6 20.Ng3 Nf6 21.Nf3 Ng4 22.h3 d5 23.exd5 Bxd5
24.Be4 Qb7 25.Bxd5 Qxd5 26.Kg1 Nf6 27.Qe5 Qxe5 28.fxe5 Nd5 29.Ra8+ Bd8 30.Ne4 O-O
31.Rb8 Nc7 32.Rb7 Nd5 33.Rxb5 Be7 34.Nfd2 Ra8 35.Nxc4 Ra1+ 36.Kf2 Rc1 37.Ne3 Nf4
38.Kf3 g5 39.h4 Re1 40.hxg5 Ng6 41.g3  1-0

[Event "29th ECC Open 2013"]
[Site "Rhodes GRE"]
[Date "2013.10.26"]
[Round "7.19"]
[White "Cox,JohnJ"]
[Black "Agopov,M"]
[Result "1/2-1/2"]
[WhiteElo "2387"]
[BlackElo "2434"]

1.d4 Nf6 2.Bg5 e6 3.e4 h6 4.Bxf6 Qxf6 5.c3 d6 6.Bd3 Nd7 7.Ne2 b6 8.Nd2 Bb7
9.Qa4 Qd8 10.O-O Be7 11.Ba6 Bxa6 12.Qxa6 O-O 13.a4 c6 14.a5 Qc8 15.Qxc8 Rfxc8
16.axb6 axb6 17.Nb3 d5 18.exd5 cxd5 19.Rxa8 Rxa8 20.Ra1 Rxa1+ 21.Nxa1 Nb8
22.Nc2 Nc6 23.Kf1 Kf8 24.Nc1 Ke8 25.Nd3 Kd7 26.Ne3 Bd6 27.f4 b5 28.b4 Na7
29.Ke2 Nc8 30.Ne5+ Ke8 31.Nc2 Bc7 32.Na3 Nd6 33.g4 f6 34.Nd3 g5 35.Kf3 Kd7
36.h4 gxh4 37.Kg2 Kc6 38.Kh3 Ne4 39.Nb1 Kd6 40.Kxh4 Ke7 41.Kh5 f5 42.g5 hxg5
43.fxg5 Kf7 44.Nc5 Bd6 45.g6+ Kf6 46.Na3 f4 47.g7 Kxg7 48.Kg4 Nxc3 49.Nxe6+ Kf7
50.Nxf4 Bxb4 51.Nxb5 Nxb5 52.Nxd5 Bd2 53.Kf5 Bh6 54.Ke4 Bg7 55.Nf4 Ke7 56.Ne2 Kd6
57.Ng3 Ke6 58.d5+ Kd7 59.Nf5 Bf8 60.Kd3 Na7 61.Kc4 Nc8 62.Kb5 Ba3 63.Ka6 Bc5
64.Kb5 Bf2 65.Kc4 Nb6+ 66.Kd3 Nxd5 67.Ke4 Nb6 68.Nd4 Kd6 69.Nf5+ Kc5 70.Ng7 Nd7
71.Nf5 Be1 72.Ne3 Bc3 73.Nd5 Bd4 74.Nf4 Kc4 75.Ne6 Bb2 76.Nf4 Nc5+ 77.Kf5 Bc1
78.Ne2 Bd2 79.Nf4 Nb3 80.Ke4 Kc5 81.Ne6+ Kd6 82.Nf4 Nc5+ 83.Kf3 Ke5 84.Nd3+ Nxd3  1/2-1/2